| 000 | 00607nam a22002177a 4500 | ||
|---|---|---|---|
| 005 | 20210922054422.0 | ||
| 008 | 210922b ||||| |||| 00| 0 eng d | ||
| 020 | _a0333935314 | ||
| 040 | _cAloy | ||
| 041 | _aEng | ||
| 082 |
_223 _a364.1323 _bSRIC |
||
| 100 |
_aC P Srivastava _9164 |
||
| 245 |
_aCorruption _bIndias enemy within |
||
| 260 |
_aNew Delhi _bMacmillan India Ltd _c2001 |
||
| 300 |
_axx,240p. _bHB _c25x16.5cm |
||
| 365 |
_b₹275.00 _c₹ _d₹275.00 |
||
| 650 |
_aPolitical Corruption _9165 |
||
| 650 |
_aBusiness enterprises _9166 |
||
| 700 |
_aSRIVASTAVA (C P) _9167 |
||
| 942 |
_2ddc _cGF |
||
| 999 |
_c216333 _d216333 |
||